Η ευρωπαϊκή ζωγραφική του δέκατου ένατου αιώνα : προδρομικοί δημιουργοί - κλασσικισμός - ρομαντισμός - ρεαλισμός - ιδεαλιστικές τάσεις και ακαδημαϊσμός - εμπρεσσιονισμός - υποκείμενικός ρεαλισμός - πατέρες της τέχνης του εικοστού αιώνα και μεταεμπρεσσιονιστικά ρεύματα - ανεξάρτητοι καλλιτέχνες και ζωγραφική του νέου στυλ

Αποθηκεύτηκε σε:
Λεπτομέρειες βιβλιογραφικής εγγραφής
Κύριος συγγραφέας: Χρήστου, Χρύσανθος, 1922-2016
Μορφή: Βιβλίο
Γλώσσα:Greek
Δημοσίευση: Θεσσαλονίκη : Βάνιας, 1993.
Θέματα:
Ετικέτες: Προσθήκη ετικέτας
Δεν υπάρχουν, Καταχωρήστε ετικέτα πρώτοι!

MARC

LEADER 00000cam a2200000 i 4500
001 1/36077
008 030523s1993 gr | ||| |||| ||gre||
035 |l 10069996 
040 |a GR-MyUa  |b gre  |e AACR2 
041 0 |a gre 
082 7 |a 759.05   |2 (21) 
100 1 |a Χρήστου, Χρύσανθος,   |d 1922-2016. 
245 1 2 |a Η ευρωπαϊκή ζωγραφική του δέκατου ένατου αιώνα :   |b προδρομικοί δημιουργοί - κλασσικισμός - ρομαντισμός - ρεαλισμός - ιδεαλιστικές τάσεις και ακαδημαϊσμός - εμπρεσσιονισμός - υποκείμενικός ρεαλισμός - πατέρες της τέχνης του εικοστού αιώνα και μεταεμπρεσσιονιστικά ρεύματα - ανεξάρτητοι καλλιτέχνες και ζωγραφική του νέου στυλ /   |c Χρύσανθου Χρήστου.  
246 1 |i Άλλες παραλλαγές του τίτλου:   |a Η ευρωπαϊκή ζωγραφική του 19ου αιώνα 
260 |a Θεσσαλονίκη :   |b Βάνιας,   |c 1993.  
300 |a 633 σ. :   |b εικ. ;   |c 24 εκ. 
504 |a Περιλαμβάνει βιβλιογραφικές παραπομπές και ευρετήριο.  
650 0 |a Painting, European  |y 19th century. 
852 |a INST  |b LESVOS  |e 20060307  |h 759.05 ΧΡΗ  |p 005100034703  |q 005100034703  |t BK  |y 0 
852 |a INST  |b SAMOS  |e 20050519  |h 759.05 ΧΡΗ  |p 005300025192  |q 005300025192  |t BK  |y 0 
852 |a INST  |b SYROS  |e 20031027  |h 759.05 ΧΡΗ  |p 005500002821  |q 005500002821  |t BK  |y 0 
852 |a INST  |b SYROS  |e 20031027  |h 759.05 ΧΡΗ  |p 005500002822  |q 005500002822  |t BK  |y 0 
852 |a INST  |b SYROS  |e 20031027  |h 759.05 ΧΡΗ  |p 005500002823  |q 005500002823  |t BK  |y 0 
852 |a INST  |b SYROS  |e 20031027  |h 759.05 ΧΡΗ  |p 005500002824  |q 005500002824  |t BK  |y 0 
852 |a INST  |b SYROS  |e 20031027  |h 759.05 ΧΡΗ  |p 005500002825  |q 005500002825  |t BK  |y 0 
852 |a INST  |b SYROS  |e 20031027  |h 759.05 ΧΡΗ  |p 005500002826  |q 005500002826  |t BK  |y 0 
852 |a INST  |b SYROS  |e 20031027  |h 759.05 ΧΡΗ  |p 005500002827  |q 005500002827  |t BK  |y 0 
852 |a INST  |b SYROS  |e 20031027  |h 759.05 ΧΡΗ  |p 005500002828  |q 005500002828  |t BK  |y 0 
852 |a INST  |b SYROS  |e 20031027  |h 759.05 ΧΡΗ  |p 005500002829  |q 005500002829  |t BK  |y 0 
852 |a INST  |b SYROS  |e 20031027  |h 759.05 ΧΡΗ  |p 005500002830  |q 005500002830  |t BK  |y 0 
852 |a INST  |b SYROS  |e 20031027  |h 759.05 ΧΡΗ  |p 005500002831  |q 005500002831  |t BK  |y 0 
852 |a INST  |b SYROS  |e 20031029  |h 759.05 ΧΡΗ  |p 005500002832  |q 005500002832  |t BK  |y 0 
852 |a INST  |b SYROS  |e 20031027  |h 759.05 ΧΡΗ  |p 005500002833  |q 005500002833  |t BK  |y 0 
852 |a INST  |b SYROS  |e 20031027  |h 759.05 ΧΡΗ  |p 005500002834  |q 005500002834  |t BK  |y 0 
852 |a INST  |b SYROS  |e 20031027  |h 759.05 ΧΡΗ  |p 005500002835  |q 005500002835  |t BK  |y 0 
852 |a INST  |b SYROS  |e 20031027  |h 759.05 ΧΡΗ  |p 005500002836  |q 005500002836  |t BK  |y 0 
852 |a INST  |b SYROS  |e 20031027  |h 759.05 ΧΡΗ  |p 005500002837  |q 005500002837  |t BK  |y 0 
852 |a INST  |b SYROS  |e 20031027  |h 759.05 ΧΡΗ  |p 005500002838  |q 005500002838  |t BK  |y 0 
852 |a INST  |b SYROS  |e 20030523  |h 759.05 ΧΡΗ  |p 005500003364  |q 005500003364  |t BK  |y 0 
852 |a INST  |b SYROS  |e 20030523  |h 759.05 ΧΡΗ  |p 005500003365  |q 005500003365  |t BK  |y 0 
852 |a INST  |b SYROS  |e 20030523  |h 759.05 ΧΡΗ  |p 005500003366  |q 005500003366  |t BK  |y 0 
852 |a INST  |b SYROS  |e 20030523  |h 759.05 ΧΡΗ  |p 005500003367  |q 005500003367  |t BK  |y 0 
852 |a INST  |b SYROS  |e 20030523  |h 759.05 ΧΡΗ  |p 005500003368  |q 005500003368  |t BK  |y 0 
852 |a INST  |b SYROS  |e 20041125  |h 759.05 ΧΡΗ  |p 005500003835  |q 005500003835  |t BK  |y 0 
852 |a INST  |b SYROS  |e 20041125  |h 759.05 ΧΡΗ  |p 005500003836  |q 005500003836  |t BK  |y 0 
852 |a INST  |b SYROS  |e 20041125  |h 759.05 ΧΡΗ  |p 005500003837  |q 005500003837  |t BK  |y 0 
852 |a INST  |b SYROS  |e 20041125  |h 759.05 ΧΡΗ  |p 005500003838  |q 005500003838  |t BK  |y 0 
852 |a INST  |b SYROS  |e 20041125  |h 759.05 ΧΡΗ  |p 005500003839  |q 005500003839  |t BK  |y 0 
852 |a INST  |b SYROS  |e 20041125  |h 759.05 ΧΡΗ  |p 005500003840  |q 005500003840  |t BK  |y 0 
852 |a INST  |b SYROS  |e 20041125  |h 759.05 ΧΡΗ  |p 005500003841  |q 005500003841  |t BK  |y 0 
852 |a INST  |b SYROS  |e 20031027  |h 759.05 ΧΡΗ  |p 005500004044  |q 005500004044  |t BK  |y 0 
852 |a INST  |b SYROS  |e 20031027  |h 759.05 ΧΡΗ  |p 005500004365  |q 005500004365  |t BK  |y 0 
852 |a INST  |b SYROS  |e 20031027  |h 759.05 ΧΡΗ  |p 005500004383  |q 005500004383  |t BK  |y 0 
852 |a INST  |b SYROS  |e 20031027  |h 759.05 ΧΡΗ  |p 005500004405  |q 005500004405  |t BK  |y 0 
901 |a BIBL3-2005-2 
901 |a BIBL5-2003-2 
901 |a BIBL1-2006-1 
970 |a Καγιαβά  |b Ειρήνη  |z 23/05/2003